Инструкция по технике безопасности при эксплуатации скважин бескомпрессорным газлифтным способом

Λεπτομέρειες βιβλιογραφικής εγγραφής
Συγγραφή απο Οργανισμό/Αρχή: Всесоюзный нефтяной научно-исследовательский институт по технике безопасности (ВНИИТБ)
Γλώσσα:Ρωσικά
Έκδοση: Москва, Недра, 1971
Θέματα:
Μορφή: Βιβλίο
KOHA link:https://koha.lib.tpu.ru/cgi-bin/koha/opac-detail.pl?biblionumber=104194

MARC

LEADER 00000nam0a2200000 4500
001 104194
005 20231031113904.0
035 |a (RuTPU)RU\TPU\book\112311 
090 |a 104194 
100 |a 20061028d1971 k y0rusy50 ca 
101 0 |a rus 
102 |a RU 
105 |a a l 000zy 
200 1 |a Инструкция по технике безопасности при эксплуатации скважин бескомпрессорным газлифтным способом  |f Всесоюзный нефтяной научно-исследовательский институт по технике безопасности (ВНИИТБ) 
210 |a Москва  |c Недра  |d 1971 
215 |a 54 с.  |c ил. 
610 1 |a нефтедобывающая промышленность 
610 1 |a нефтяные скважины 
610 1 |a газлифтная эксплуатация 
610 1 |a безопасность 
610 1 |a охрана труда 
610 1 |a техника безопасности 
610 1 |a инструкции 
675 |a 622.323.245-7  |v 3 
712 0 2 |a Всесоюзный нефтяной научно-исследовательский институт по технике безопасности (ВНИИТБ)  |2 stltpush  |3 (RuTPU)RU\TPU\col\11444 
801 1 |a RU  |b 63413507  |c 20061028  |g PSBO 
801 2 |a RU  |b 63413507  |c 20071025  |g PSBO 
942 |c BK